000 aam a22 a 4500
999 _c1496
_d1496
003 AKMAL
005 20170509162504.0
008 170509s1975 us a 00 eng d
020 _a0846505401
040 _aAKMAL
082 _a306 BOD
090 2 0 _a306
_bBOD
100 1 _aBodley, John H.
_92981
245 1 0 _aVictims of progress /
_cJohn H. Bodley
260 _aMenlo Park, Calif. :
_bBenjamin/Cummings,
_c1975
300 0 0 _aviii, 200p. :
_bill. ;
_c23cm
504 _aBibliography: p.(175)-191
650 0 _aCulture conflict
_92982
650 0 _aMan, Primitive
_92983
650 0 _aApplied anthropology
_92984
942 _2ddc
_cBOOK